Williams Who Changed the US Quiz Stats

 Plays Quiz Updated Aug 24, 2016

Score 0/16 Timer 04:00
9 Plays Today
% Correct
Bill Gates
95.8%
Bill Clinton
95.3%
William Penn
91.6%
William Hewlett
87.7%
Billy Graham
87.1%
William McKinley
87%
William F. Cody
86.6%
William Randolph Hearst
86.5%
% Correct
Bill Haley
86.4%
William Tecumseh Sherman
86.4%
Bill Russell
84.7%
William Henry Harrison
82.5%
William Howard Taft
82.4%
William Rehnquist
80%
William Jennings Bryan
76.8%
William H. Seward
76.3%

You're not logged in!

Compare scores with friends on all Sporcle quizzes.
OR
Log In

Show Comments

Extras

Top Quizzes Today


Score Distribution

Your Account Isn't Verified!

In order to create a playlist on Sporcle, you need to verify the email address you used during registration. Go to your Sporcle Settings to finish the process.

Report this User

Report this user for behavior that violates our Community Guidelines.

Details: